000 00717nam a22002177a 4500
003 UA-OsUOA
001 118622
007 ta
008 20160912b un ||||| |||| 00| 0 ukr d
100 _aГрабовський С.
090 _a94(477)
_bГ75
942 _cSA
040 _aUA-OsUOA
_bukr
_cUA-OsUOA
_dUA-OsUOA
245 _aСталін і сталінізм очима генсека Комінтерну. Щоденник Георгія Димитрова засвідчує злочинність радянського режиму
300 _aС.20
955 _a0
041 _aukr
080 _a94(477)
773 0 _w118621
650 7 _a9 Географія. Біографії. Історія
_2UDC
999 _c404697
_d404697